000 00348nam a2200169Ia 4500
100 _aChun/Wesley J
650 _aPython
250 _a3
942 _cBK
366 _f20
245 _aCore Python applications programming
260 _bPearson Education
_c2016
082 _a5.133
_bCHUN
300 _a770
546 _aENGLISH
999 _c28921
_d28921